| 000 | 00345nam a22001457a 4500 | ||
|---|---|---|---|
| 005 | 20250313110010.0 | ||
| 008 | 250313b |||||||| |||| 00| 0 eng d | ||
| 020 | _a0850656829 | ||
| 050 | _aBV 639 SMI | ||
| 100 | _aSMITH, Jim | ||
| 245 | _aA heart for the poor | ||
| 260 |
_aEastbourne _bkingsway _c1988c |
||
| 300 | _a121p | ||
| 942 |
_2lcc _cBK _n0 |
||
| 999 |
_c4744 _d4744 |
||